000 00555nam a22001817a 4500
003 OSt
005 20110516133118.0
008 110514t xxu||||| |||| 00| 0 eng d
020 _a0406023905
040 _aLDC
082 _a031 ENC
245 _aThe Encyclopaedia of forms and precedents : Intellectual Property Vol 21 /
250 _a5th ed. _
260 _aLondon :
_bButterworths,
_c1991-
300 _av;
942 _2ddc
_cREF
999 _c2013
_d2013